| 000 | | | 03690nmc2a22002413x 450 |
| 001 | | | 4db2b17b-a0c4-4689-ae9a-05e05f6fe5e3 |
| 005 | | | 20260202133337.0 |
| 100 | ## | $a | 20250718l18281829k l0rusy0189 ca |
| 101 | 0# | $a | rus |
| 102 | ## | $a | RU |
| 105 | ## | $a | y### |
| 122 | 2# | $a | d |
| 200 | 1# | $a | Дело об ассигновании сумм по Виленскому учебному округу из поиезуитских сумм. Здесь же и записки о внесении в расписания сумм на 1829 год |
| | $j | 9 января 1828 г. - 11 февраля 1829 г. |
| 215 | ## | $a | 56 л. |
| | $d | 36,5х26 см |
| 251 | ## | $c | Дело |
| 300 | ## | $a | Дело |
| 371 | ## | $a | Документ не является опубликованным и широко распространяемым |
| 461 | #0 | $1 | 001a74412a3-3cc5-4d21-8f0a-dfe2fbd9e72d |
| | $1 | 2001 |
| | $a | Департамент народного просвещения Министерства народного просвещения (1803-1917) |
| | $1 | 251 |
| | $c | Фонд |
| | $1 | 852 |
| | $j | 733 |
| 462 | #0 | $1 | 001ccc93d8c-a161-4593-b7db-1a3e4c2bc189 |
| | $1 | 2001 |
| | $a | Дела счетного отделения Департамента народного просвещения за 1819-1838 годы |
| | $1 | 251 |
| | $c | Опись |
| | $1 | 852 |
| | $j | 111 |
| 801 | #0 | $a | RU |
| | $b | РГИА |
| | $c | 20250718 |
| | $g | RCR |
| 801 | #1 | $a | RU |
| | $b | ГлавНИВЦ |
| | $c | 20250718 |
| | $2 | rusmarc |
| 801 | #2 | $a | RU |
| | $b | ПБ им. Б.Н. Ельцина |
| | $c | 20260202 |
| | $g | RCR |
| | $2 | rusmarc |
| 850 | ## | $a | РГИА |
| 852 | ## | $a | РГИА |
| | $e | Федеральное казенное учреждение "Российский государственный исторический архив" (РГИА) |
| | $j | 386 |
| 937 | ## | $h | РГИА |
| | $d | 12094484 |
| | $a | ASBIBLIO_SCAN |
| 035 | ## | $a | RusGRCC00088658 |
| 856 | ## | $u | http://readingroom.main.prlib.ru/item.aspx?id_node=n200325011&mode=full |